| 000 | 00485nam a22001817a 4500 | ||
|---|---|---|---|
| 999 |
_c131441 _d131441 |
||
| 005 | 20230823101439.0 | ||
| 008 | 230823b ||||| |||| 00| 0 eng d | ||
| 020 | _a9694429501 | ||
| 040 | _cPK-LaUMT | ||
| 082 |
_a891.4393 _bRAZ-S |
||
| 100 | _aRazia Butt = رضیہ بٹ | ||
| 245 |
_aSabeen = سبین / _cby Razia Butt = رضیہ بٹ |
||
| 260 |
_aLahore : _bMaqbool Academy. _c1998 |
||
| 300 | _a368 p. | ||
| 650 | _aUrdu literature | ||
| 650 | _aUrdu fiction | ||
| 942 | _cBK | ||